000 00287nam a22001337a 4500
008 170616b xxu||||| |||| 00| 0 eng d
020 _a0312193572
041 _aeng
080 _a32
100 _a20
101 _aSHP
245 _aDEMOCRACY FOR THE FEW
_cPARENTI, M
942 _2udc
_cBK
999 _c17754
_d17754